00953 2200361 4500001002100000005001700021008004100038020002200079035002400101040001200125041000800137082001900145084001900164090002200183100002600205245005400231250001100285260003400296300002700330650002000357700002200377850001200399990001800411990001800429990001800447990001800465990001800483990001800501990001800519990001800537990001800555990001800573INLIS00000000003219320171107111549.0  a978-602-1010-76-1 0010-111700000000195 aYOPDYOG0 aind042[23]a899.2213 a899.2213 Put K aPK 899.2213 Put K0 aPUTU DERISKAd, 1992-1 aKangenc/ Putu Dariska; editor, Gartika Rahmasari aCet. 1 aJakarta BaratbEutheniac2015 aiv, 172 hlm.c; 19 cm. 4aFiksi Indonesia0 aGartika Rahmasari aYOPDYOG a31147-PD/B.17 a31148-PD/B.17 a31149-PD/B.17 a31150-PD/B.17 a31151-PD/B.17 a31152-PD/B.17 a31153-PD/B.17 a31154-PD/B.17 a31155-PD/B.17 a31156-PD/B.17